Formule 1 - Associer les pilotes à leur écurie 2022 - Statistiques

Statistiques générales
  • Ce quiz a été pris 709 fois
  • Le résultat moyen est 14 sur 22
Statistiques - réponses
Hint Réponse % Correct
Charles Leclerc Ferrarri
83%
Lando Norris McLaren
82%
Max Verstappen Redbull
82%
Carlos Sainz Ferrarri
80%
Lewis Hamilton Mercedes
80%
Sergio Perez Redbull
79%
Esteban Ocon Alpine
78%
Lance Stroll Aston Martin
78%
Yuki Tsunoda Alpha Tauri
77%
Zhou Guanyu Alfa Romeo/Sauber
76%
Kevin Magnussen Haas
76%
George Russell Mercedes
73%
Alex Albon Williams
72%
Nicholas Latifi Williams
69%
Valtteri Bottas Alfa Romeo/Sauber
62%
Sebastian Vettel Aston Martin
62%
Mick Schumacher Haas
62%
Pierre Gasly Alpha Tauri
52%
Daniel Ricciardo McLaren
49%
Fernando Alonso Alpine
40%
Nyck De Vries Williams
19%
Nico Hülkenberg Aston Martin
10%
Aucun quiz correspondant
Distribution des résultats
% des personnes avec chaque résultat
Percentile par nombre de réponses
Votre historique - résultats
Vous n’avez pas pris ce quiz